[Event "Berlin-ch Seniors op 35th"]
[Site "Berlin"]
[Date "2019.02.04"]
[Round "6"]
[White "Hahlbohm, Matthias"]
[Black "Moeller, Dirk Halvard"]
[Result "1-0"]
[WhiteElo "2072"]
[BlackElo "1566"]
[PlyCount "53"]
[EventDate "2019.01.29"]
[EventType "swiss"]
[EventRounds "9"]
[EventCountry "GER"]
[SourceTitle "CBM 189 Extra"]
[Source "ChessBase"]
[SourceDate "2019.05.31"]
[SourceVersion "1"]
[SourceVersionDate "2019.05.31"]
[SourceQuality "1"]

1. e4 c5 2. Nf3 g6 3. d4 Bg7 4. c3 b6 5. d5 d6 6. Bd3 e6 7. 0-0 Ne7 8. Bg5 0-0 9. Qd2 Na6 10. Rd1 e5 11. Bh6 Nc7 12. h3 f5 13. Bxg7 Kxg7 14. Qe2 fxe4 15. Bxe4 Bf5 16. c4 Qd7 17. Nc3 a6 18. a4 Rf6 19. Nxe5 dxe5 20. d6 Raf8 21. Bxf5 Rxf5 22. g4 Rf3 23. Qxe5+ Kf7 24. dxc7 Qc8 25. Ne4 Kg8 26. Ng5 R3f6 27. Qxe7 1-0

[Event "Berlin Lichtenberger op 16th"]
[Site "Berlin"]
[Date "2017.08.19"]
[Round "1"]
[White "Moeller, Dirk Halvard"]
[Black "Deutschbein, Christopher"]
[Result "0-1"]
[WhiteElo "1555"]
[BlackElo "2019"]
[PlyCount "56"]
[EventDate "2017.08.19"]
[EventType "swiss"]
[EventRounds "9"]
[EventCountry "GER"]
[SourceTitle "CBM 180 Extra"]
[Source "ChessBase"]
[SourceDate "2017.10.06"]
[SourceVersion "1"]
[SourceVersionDate "2017.10.06"]
[SourceQuality "1"]

1. e4 e5 2. Nf3 Nc6 3. Bb5 Nf6 4. Nc3 Bc5 5. 0-0 0-0 6. d3 d6 7. Be3 Nd4 8. Bxd4 exd4 9. Nb1 a5 10. c3 Bg4 11. Nbd2 c6 12. Ba4 Nd7 13. Qe1 Qf6 14. c4 Bb4 15. Qd1 Bxd2 16. Qxd2 Bxf3 17. gxf3 Ne5 18. Bd1 Nxf3+ 19. Bxf3 Qxf3 20. Qd1 Qxd1 21. Raxd1 f5 22. f4 Rae8 23. Rde1 fxe4 24. dxe4 Rf7 25. e5 dxe5 26. Rxe5 Rxe5 27. fxe5 Rxf1+ 28. Kxf1 Kf7 0-1

[Event "Berlin Lichtenberger op 16th"]
[Site "Berlin"]
[Date "2017.08.19"]
[Round "1"]
[White "Moeller, Dirk Halvard"]
[Black "Deutschbein, Christopher"]
[Result "1-0"]
[WhiteElo "1555"]
[BlackElo "2019"]
[PlyCount "42"]
[EventDate "2017.08.19"]
[EventType "swiss"]
[EventRounds "9"]
[EventCountry "GER"]
[SourceTitle "CBM 180 Extra"]
[Source "ChessBase"]
[SourceDate "2017.10.06"]
[SourceVersion "1"]
[SourceVersionDate "2017.10.06"]
[SourceQuality "1"]

1. d4 d5 2. c4 c6 3. cxd5 cxd5 4. Nc3 Nf6 5. Bf4 Bf5 6. Qb3 Nc6 7. Qxb7 Nxd4 8. 0-0-0 Ne6 9. Rxd5 Qc8 10. Qb5+ Nd7 11. Bg3 g6 12. e4 Bg4 13. f3 Bh5 14. Bc4 g5 15. Nge2 Nc7 16. Bxc7 Qxc7 17. Rhd1 Rd8 18. Rxd7 Rxd7 19. Rxd7 a6 20. Rxc7+ axb5 21. Bxb5+ Kd8 1-0

[Event "Berlin-ch Seniors op 33rd"]
[Site "Berlin"]
[Date "2017.02.09"]
[Round "9"]
[White "Moeller, Dirk Halvard"]
[Black "Triegel, Rudi"]
[Result "1-0"]
[WhiteElo "1556"]
[BlackElo "1677"]
[PlyCount "53"]
[EventDate "2017.01.31"]
[EventType "swiss"]
[EventRounds "9"]
[EventCountry "GER"]
[SourceTitle "EXT 2019"]
[Source "ChessBase"]
[SourceDate "2018.10.10"]
[SourceVersion "1"]
[SourceVersionDate "2018.10.10"]
[SourceQuality "1"]

1. e4 e5 2. f4 exf4 3. Nf3 Nf6 4. Nc3 b6 5. d4 Bb4 6. Bd3 Bb7 7. Qe2 Qe7 8. 0-0 Bxc3 9. bxc3 0-0 10. e5 Nd5 11. Bd2 c6 12. c4 Nc7 13. Bxf4 Nba6 14. Ng5 g6 15. Qg4 Ne6 16. Ne4 h5 17. Qg3 Nxf4 18. Nf6+ Kg7 19. Rxf4 Rh8 20. Raf1 Raf8 21. Rf5 d5 22. Nxh5+ Rxh5 23. Rxh5 Rh8 24. Rxh8 Kxh8 25. Rf6 Bc8 26. Qh4+ Kg7 27. Rxg6+ 1-0

[Event "Berlin-ch Seniors op 33rd"]
[Site "Berlin"]
[Date "2017.02.04"]
[Round "5"]
[White "Moeller, Dirk Halvard"]
[Black "Scholz, Werner"]
[Result "0-1"]
[WhiteElo "1556"]
[BlackElo "1680"]
[PlyCount "20"]
[EventDate "2017.01.31"]
[EventType "swiss"]
[EventRounds "9"]
[EventCountry "GER"]
[SourceTitle "EXT 2019"]
[Source "ChessBase"]
[SourceDate "2018.10.10"]
[SourceVersion "1"]
[SourceVersionDate "2018.10.10"]
[SourceQuality "1"]

1. e4 c5 2. Nf3 e6 3. d4 cxd4 4. Nxd4 Bc5 5. Nc3 Qb6 6. Na4 Qa5+ 7. c3 Bxd4 8. Qxd4 Nf6 9. Be2 Nc6 10. Qe3 Qxa4 0-1

[Event "Berlin Lichtenberger op 15th"]
[Site "Berlin"]
[Date "2016.08.15"]
[Round "3"]
[White "Geist, Wolfgang"]
[Black "Moeller, Dirk Halvard"]
[Result "0-1"]
[WhiteElo "1447"]
[BlackElo "1577"]
[PlyCount "110"]
[EventDate "2016.08.13"]
[EventType "swiss"]
[EventRounds "9"]
[EventCountry "GER"]
[SourceTitle "CBM 173 Extra"]
[Source "ChessBase"]
[SourceDate "2016.08.29"]
[SourceVersion "1"]
[SourceVersionDate "2016.08.29"]
[SourceQuality "1"]

1. Nf3 Nf6 2. d4 d5 3. e3 Bf5 4. Be2 e6 5. 0-0 Bd6 6. Nbd2 Nbd7 7. c3 c5 8. Re1 c4 9. h3 Ne4 10. Nxe4 Bxe4 11. Nd2 Nf6 12. Bf3 Bg6 13. Qa4+ Nd7 14. e4 dxe4 15. Bxe4 Bxe4 16. Nxe4 Bc7 17. Nc5 Qc8 18. Nxd7 Qxd7 19. Qxd7+ Kxd7 20. b4 b5 21. g3 h6 22. Bf4 Bd8 23. a4 g5 24. Be3 Kc6 25. a5 Bc7 26. Kg2 Rag8 27. Re2 f5 28. Bd2 Kd5 29. Rae1 Rg6 30. f3 h5 31. Rf1 f4 32. g4 hxg4 33. hxg4 Rgh6 34. Rg1 Rh2+ 35. Kf1 R8h3 36. Rxh2 Rxh2 37. Ke1 e5 38. dxe5 Bxe5 39. Rf1 Rh6 40. Rf2 Re6 41. Re2 Rh6 42. Rf2 a6 43. Ke2 Bb8 44. Kd1 Ba7 45. Re2 Rh3 46. Re7 Bb8 47. Rd7+ Ke6 48. Rb7 Bd6 49. Rb6 Rxf3 50. Rxa6 Rg3 51. Rb6 f3 52. Rxb5 Rg1+ 53. Kc2 f2 54. Rxg5 f1Q 55. Rg6+ Kd5 0-1

[Event "Berlin-ch Seniors op 32nd"]
[Site "Berlin"]
[Date "2016.01.29"]
[Round "4"]
[White "Moeller, Dirk Halvard"]
[Black "Krueger, Detlef"]
[Result "0-1"]
[WhiteElo "1548"]
[BlackElo "1746"]
[PlyCount "46"]
[EventDate "2016.01.26"]
[EventType "swiss"]
[EventRounds "9"]
[EventCountry "GER"]
[SourceTitle "EXT 2019"]
[Source "ChessBase"]
[SourceDate "2018.10.10"]
[SourceVersion "1"]
[SourceVersionDate "2018.10.10"]
[SourceQuality "1"]

1. e4 d5 2. exd5 Nf6 3. d4 Nxd5 4. c4 Nb4 5. Nf3 Bf5 6. Qa4+ N8c6 7. Na3 e5 8. d5 b5 9. cxb5 Qxd5 10. Be3 Qe4 11. Qb3 Nd4 12. Qd1 Nbc2+ 13. Kd2 Nxa1 14. Ng5 Bb4+ 15. Kc1 Qd5 16. Bc4 Qc5 17. Bxd4 exd4 18. Nxf7 Bxa3 19. Re1+ Kf8 20. Qa4 Bb4 21. Ne5 Bxe1 22. b6 Qxe5 23. Qc6 Qf4+ 0-1

[Event "Berlin Eckbauer op 18th"]
[Site "Berlin"]
[Date "2015.10.12"]
[Round "2"]
[White "Moeller, Dirk Halvard"]
[Black "Weiss, Daniel"]
[Result "0-1"]
[WhiteElo "1575"]
[BlackElo "1742"]
[PlyCount "70"]
[EventDate "2015.10.05"]
[EventType "swiss"]
[EventRounds "7"]
[EventCountry "GER"]
[SourceTitle "EXT 2022"]
[Source "ChessBase"]
[SourceDate "2021.10.06"]
[SourceVersion "1"]
[SourceVersionDate "2021.10.06"]
[SourceQuality "1"]

1. e4 c6 2. d4 d5 3. exd5 cxd5 4. c4 Nf6 5. Nf3 Bg4 6. Nc3 e6 7. Be3 Nc6 8. c5 Be7 9. Be2 0-0 10. 0-0 Nd7 11. Ne1 Bf5 12. Bd3 Bg6 13. Bxg6 hxg6 14. f4 Nxc5 15. dxc5 d4 16. Bxd4 Qxd4+ 17. Qxd4 Nxd4 18. b4 a5 19. Ne4 axb4 20. Nd3 b3 21. axb3 Nxb3 22. Rxa8 Rxa8 23. Rb1 Ra1 24. Rxa1 Nxa1 25. Nd6 b6 26. Ne5 bxc5 27. Ndxf7 c4 28. Ng5 c3 29. Nd3 c2 30. Nxe6 Kf7 31. Nd4 Bc5 32. Ne5+ Ke8 33. Nd3 Bxd4+ 34. Kf1 Be3 35. Ke2 Bxf4 0-1

[Event "Berlin Lichtenberger op 14th"]
[Site "Berlin"]
[Date "2015.08.17"]
[Round "3"]
[White "Baranowsky, Peter"]
[Black "Moeller, Dirk Halvard"]
[Result "1-0"]
[WhiteElo "1972"]
[BlackElo "1571"]
[PlyCount "45"]
[EventDate "2015.08.15"]
[EventType "swiss"]
[EventRounds "9"]
[EventCountry "GER"]
[SourceTitle "EXT 2016"]
[Source "ChessBase"]
[SourceDate "2015.10.08"]
[SourceVersion "1"]
[SourceVersionDate "2015.10.08"]
[SourceQuality "1"]

1. Nf3 Nc6 2. d4 d5 3. c4 Nf6 4. Nc3 e6 5. Bg5 Be7 6. e3 0-0 7. a3 dxc4 8. Bxc4 Nd5 9. Bxe7 Ncxe7 10. 0-0 c6 11. Rc1 Qc7 12. Ba2 f5 13. Ne5 Ng6 14. Nxd5 exd5 15. Bxd5+ Kh8 16. Nxg6+ hxg6 17. Qf3 f4 18. g4 fxg3 19. Qxf8+ Kh7 20. Qg8+ Kh6 21. hxg3 Qd6 22. Qh8+ Kg5 23. Qh4+ 1-0

[Event "Berlin-ch Seniors op 31st"]
[Site "Berlin"]
[Date "2015.02.02"]
[Round "4"]
[White "Hirr, Rudi"]
[Black "Moeller, Dirk Halvard"]
[Result "0-1"]
[WhiteElo "1578"]
[BlackElo "1380"]
[PlyCount "54"]
[EventDate "2015.01.29"]
[EventType "swiss"]
[EventRounds "9"]
[EventCountry "GER"]
[SourceTitle "EXT 2018"]
[Source "ChessBase"]
[SourceDate "2017.10.13"]
[SourceVersion "1"]
[SourceVersionDate "2017.10.13"]
[SourceQuality "1"]

1. Nf3 Nc6 2. d4 d5 3. g3 Nf6 4. Bg2 Bf5 5. c3 e6 6. 0-0 Bd6 7. Re1 Ne4 8. Qb3 Na5 9. Qb5+ c6 10. Qa4 b5 11. Qd1 b4 12. Nh4 Bg6 13. Nxg6 hxg6 14. Bxe4 dxe4 15. Nd2 f5 16. cxb4 Bxb4 17. Qa4 Qb6 18. a3 Bd6 19. b4 Qxd4 20. Rb1 e3 21. Kg2 exf2 22. Rf1 Qd5+ 23. Nf3 Nc4 24. Rd1 Qe4 25. Rd4 Qxe2 26. Qxc6+ Kf7 27. Qd7+ Kg8 0-1

[Event "Berlin-ch Seniors op 31st"]
[Site "Berlin"]
[Date "2015.01.29"]
[Round "1"]
[White "Moeller, Dirk Halvard"]
[Black "Rehder, Frank"]
[Result "0-1"]
[WhiteElo "1380"]
[BlackElo "1755"]
[PlyCount "66"]
[EventDate "2015.01.29"]
[EventType "swiss"]
[EventRounds "9"]
[EventCountry "GER"]
[SourceTitle "EXT 2018"]
[Source "ChessBase"]
[SourceDate "2017.10.13"]
[SourceVersion "1"]
[SourceVersionDate "2017.10.13"]
[SourceQuality "1"]

1. e4 d6 2. d4 g6 3. Nf3 Bg7 4. Be2 Nf6 5. Nc3 0-0 6. h3 c6 7. Be3 Nbd7 8. Qd2 b5 9. a3 a6 10. Bh6 Bb7 11. 0-0 c5 12. Bxg7 Kxg7 13. d5 b4 14. axb4 cxb4 15. Na2 a5 16. Bd3 Nc5 17. Rfe1 e6 18. c4 Nb3 19. Qf4 e5 20. Qg3 Nxa1 21. Rxa1 Rc8 22. Nh4 Kh8 23. Nc1 Nh5 24. Qg4 Nf4 25. b3 Ra8 26. Bf1 Bc8 27. Qg3 Nh5 28. Nxg6+ fxg6 29. Qe3 Nf4 30. Nd3 Nxd3 31. Bxd3 Qc7 32. Qh6 Qf7 33. Rf1 Qf4 0-1

[Event "Berlin Eckbauer op 17th"]
[Site "Berlin"]
[Date "2014.11.03"]
[Round "4"]
[White "Moeller, Dirk Halvard"]
[Black "Muenstermann, Claudia"]
[Result "1-0"]
[WhiteElo "1623"]
[BlackElo "1786"]
[PlyCount "53"]
[EventDate "2014.10.06"]
[EventType "swiss"]
[EventRounds "7"]
[EventCountry "GER"]
[SourceTitle "EXT 2022"]
[Source "ChessBase"]
[SourceDate "2021.10.06"]
[SourceVersion "1"]
[SourceVersionDate "2021.10.06"]
[SourceQuality "1"]

1. e4 c5 2. Nf3 d6 3. Bb5+ Nd7 4. 0-0 Ngf6 5. Nc3 a6 6. Bxd7+ Bxd7 7. d4 cxd4 8. Qxd4 g6 9. Bg5 Bg7 10. Rfe1 0-0 11. Rad1 Qc7 12. Bxf6 Bxf6 13. e5 Bg7 14. exd6 Qxd6 15. Qxd6 exd6 16. Rxd6 Bf5 17. Re7 Rfd8 18. Rxd8+ Rxd8 19. h3 b5 20. Ra7 Rd6 21. Ra8+ Bf8 22. Ne1 Kg7 23. g4 Be6 24. Nd3 h5 25. gxh5 Bxh3 26. h6+ Kg8 27. h7+ 1-0

[Event "Berlin Eckbauer op 17th"]
[Site "Berlin"]
[Date "2014.10.06"]
[Round "1"]
[White "Dziallas, Michael"]
[Black "Moeller, Dirk Halvard"]
[Result "1-0"]
[WhiteElo "1835"]
[BlackElo "1623"]
[PlyCount "75"]
[EventDate "2014.10.06"]
[EventType "swiss"]
[EventRounds "7"]
[EventCountry "GER"]
[SourceTitle "EXT 2022"]
[Source "ChessBase"]
[SourceDate "2021.10.06"]
[SourceVersion "1"]
[SourceVersionDate "2021.10.06"]
[SourceQuality "1"]

1. c4 e5 2. Nc3 Nc6 3. Nf3 d6 4. d4 exd4 5. Nxd4 Bd7 6. e4 Nf6 7. Be2 Be7 8. Be3 0-0 9. 0-0 Ne5 10. f3 c6 11. Qc2 Re8 12. Rad1 Qc7 13. Bf2 Ng6 14. Qc1 Rad8 15. f4 Bg4 16. Rfe1 Qa5 17. f5 Ne5 18. Nb3 Qc7 19. Qe3 b6 20. Bg3 Bxe2 21. Qxe2 Nfg4 22. h3 Nf6 23. Nd4 g6 24. Bh2 Qb8 25. b3 Nh5 26. g4 Ng7 27. Qf2 Bf8 28. Rf1 d5 29. exd5 Bc5 30. fxg6 fxg6 31. Bxe5 Rxe5 32. Qf7+ Kh8 33. Qf6 Qc7 34. Kg2 Qd6 35. Qxd6 Bxd6 36. Nxc6 Re3 37. Nxd8 Rxc3 38. Nf7+ 1-0

[Event "Berlin Lichtenberger op 13th"]
[Site "Berlin"]
[Date "2014.08.23"]
[Round "8"]
[White "Moeller, Dirk Halvard"]
[Black "Kasper, Peter"]
[Result "0-1"]
[WhiteElo "1624"]
[BlackElo "1764"]
[PlyCount "102"]
[EventDate "2014.08.16"]
[EventType "swiss"]
[EventRounds "9"]
[EventCountry "GER"]
[SourceTitle "CBM 161 Extra"]
[Source "ChessBase"]
[SourceDate "2014.08.29"]
[SourceVersion "1"]
[SourceVersionDate "2014.08.29"]
[SourceQuality "1"]

1. e4 c6 2. f4 d5 3. e5 Bf5 4. c3 h6 5. Nf3 e6 6. d4 Qa5 7. Nbd2 c5 8. Nb3 Qc7 9. Bb5+ Kd8 10. Be3 c4 11. Nc1 Ne7 12. b3 a6 13. Ba4 b5 14. bxc4 bxa4 15. c5 Nbc6 16. Nd3 Qa5 17. Qd2 Qb5 18. Nb4 Na5 19. Qf2 Nc4 20. Bc1 a5 21. Nc2 Nc6 22. g4 Be4 23. 0-0 Be7 24. h4 Rb8 25. g5 Kd7 26. Ne3 Nxe3 27. Bxe3 Qb2 28. Qe1 Rb7 29. Qg3 Qxc3 30. Nd2 Nxd4 31. Qf2 Nf5 32. c6+ Qxc6 33. Rac1 Qa6 34. Nxe4 Nxe3 35. Qxe3 Qb6 36. Nc5+ Bxc5 37. Rxc5 hxg5 38. hxg5 Qb2 39. Rf2 Qb1+ 40. Rc1 Qf5 41. Qc5 Rhb8 42. Qc6+ Kd8 43. Qd6+ Ke8 44. Qc6+ Kf8 45. Qxa4 Rb1 46. Qa3+ Kg8 47. Rff1 Qg4+ 48. Kh1 R8b2 49. Rc8+ Kh7 50. Qd3+ g6 51. Qf3 Qh4+ 0-1